00513nam a2200169Ia 4500003000400000008004100004040001600045082001800061100004000079245006600119300001100185490001600196650002800212650002800240650003000268650004500298GCL140319s9999 xx 000 0 ara d aGCL / cGCL04a813.03bع ا1 aعبدالرحمن الشرقاوى10aارض المعركة / cعبدالرحمن الشرقاوى a173 ص aكتابv004aالادب العربى04aالعصر الحديث04aالقصص القصيرة04aالقصص العربية القصيرة